| 000 -LEADER |
| fixed length control field |
00425nam a22001457a 4500 |
| 003 - CONTROL NUMBER IDENTIFIER |
| control field |
OSt |
| 005 - DATE AND TIME OF LATEST TRANSACTION |
| control field |
20200526154236.0 |
| 008 - FIXED-LENGTH DATA ELEMENTS--GENERAL INFORMATION |
| fixed length control field |
200526b ||||| |||| 00| 0 eng d |
| 020 ## - INTERNATIONAL STANDARD BOOK NUMBER |
| International Standard Book Number |
9781864704907 |
| 082 ## - DEWEY DECIMAL CLASSIFICATION NUMBER |
| Classification number |
728.3 |
| Item number |
BRO |
| 100 ## - MAIN ENTRY--PERSONAL NAME |
| Personal name |
Browne, Beth |
| 245 ## - TITLE STATEMENT |
| Title |
Radical renovations : inspiring architectural makeovers/ |
| Remainder of title |
inspiring architectural makeovers |
| 260 ## - PUBLICATION, DISTRIBUTION, ETC. (IMPRINT) |
| Place of publication, distribution, etc |
Singapore |
| Name of publisher, distributor, etc |
IMAGES Publishing Group |
| Date of publication, distribution, etc |
2013 |
| 942 ## - ADDED ENTRY ELEMENTS (KOHA) |
| Source of classification or shelving scheme |
|